000 00624cam a2200217 a 4500
001 670569
005 20180208050027.0
008 950309s1995 nyua 001 0 eng
010 _a 95012048
020 _a0442020228
040 _aDLC
_cDLC
_dDLC
041 _aeng
080 _a004 JES
082 0 0 _a004 JES
_220
100 1 _a30
101 _aSHK
245 1 0 _aTechnology trendlines /
_cJessica Keyes.
906 _a7
_bcbc
_corignew
_d1
_eocip
_f19
_gy-gencatlg
942 _2ddc
_cBK
999 _c42123
_d42123